Memoria /

Enregistré dans:
Détails bibliographiques
Auteur principal: Bolaños Arquín, Margarita
Autres auteurs: comp, Bolaños Arquín, Isabel
Format: Inconnue
Publié: San José: Universidad de Costa Rica. Oficina de Publicaciones
Sujets:
Tags: Ajouter un tag
Pas de tags, Soyez le premier à ajouter un tag!

MARC

LEADER 00000 a2200000 04500
001 10503
003
008 991231s d
040
090 |a 136505  
100 |a Bolaños Arquín, Margarita  
245 |a Memoria /  |c Margarita Bolaños Arquín 
260 |a San José:   |b Universidad de Costa Rica. Oficina de Publicaciones  
300 |a 208 p.  
650 |a PRODUCCION  
650 |a DESARROLLO RURAL  
650 |a GRUPOS MARGINADOS  
650 |a PROYECTOS DE DESARROLLO  
650 |a CONSERVACION DE RECURSOS NATURALES  
650 |a ORGANIZACIONES CAMPESINAS  
650 |a ABONOS Y FERTILIZANTES  
700 |a comp  
700 |a Bolaños Arquín, Isabel  
700 |a comp  
999 |c 16372  |d 16372